000 00648nam a2200217 a 4500
003 CO-ViMGA
005 20230915224041.0
008 881108s1984 sp a jr 00011 spa d
020 _a8426120679
040 _aCO-ViMGA
_bspa
_cCO-ViMGA
041 1 _heng
043 _ae-uk-en
082 0 4 _aOXE
_219 ed.
100 1 _aOxenbury, Helen.
_911094
245 1 3 _aLa visita /
_cHelen Oxenbury ; traducción de Concepción Zendrera.
260 _aBarcelona :
_bEditorial Juventud,
_c1984.
300 _a[18] p. :
_bil. ;
_c18 cm.
650 1 4 _aCuentos infantiles ingleses.
_9103
700 1 _aZendrera, Concepción,
_etr.
_911095
942 _2ddc
_cBK
999 _c11223
_d11223